000
00231nam a2200097Ia 4500
008
240331s9999 xx 000 0 und d
082
_b
KHA
100
_a
Khan,A.H
245
0
_a
Then Inthiyavil communist kadchiyin thuvakkam
942
_c
L
999
_c
2531
_d
2531